| 000 | 00678nam a2200205Ia 4500 | ||
|---|---|---|---|
| 008 | 140626s9999 xx 000 0 und d | ||
| 100 | _aBrown, M. | ||
| 245 | 2 |
_aA Review of the literature relating to psychological interventions and people with intellectual disabilities : _b issues for research, policy, education and clinical practice / _cM Brown ... [et al.]. |
|
| 260 | _cc2011. | ||
| 300 | _a15 : 1, page 31 | ||
| 440 | _aJournal of Intellectual Disabilities | ||
| 521 | _aSPED | ||
| 650 | _aIntellectual disability. | ||
| 650 | _aInterventions. | ||
| 650 | _aPolicy. | ||
| 650 | _aPsychotherapies. | ||
| 650 | _aReview. | ||
| 650 | _aServices. | ||
| 942 | _cSE | ||
| 999 |
_c120960 _d120960 |
||